| 000 | 00532nam a2200145Ia 4500 | ||
|---|---|---|---|
| 008 | 170221s9999 xx 000 0 und d | ||
| 100 | _aKim, Jung Seek. | ||
| 245 | _aConsideration set of automobiles: Purchase feedback and exclusivity in formation | ||
| 245 | _cJung Seek Kim, Edinboro University; Brian T. Ratchford, University of Texas at Dallas. | ||
| 260 | _bJournal of Management and Marketing Research | ||
| 260 | _c2012 | ||
| 300 | _a32 : 10 | ||
| 650 | _xBusiness | ||
| 856 | _uhttp://www.aabri.com/manuscripts/11932.pdf | ||
| 999 |
_c311298 _d311298 |
||